00345nam a22001337a 4500003000400000005001700004008004100021040002400062050001500086082001500101100002100116245003200137260004200169OSt20211109155448.0211109b |||||||| |||| 00| 0 eng d cHawassa University  a635/DENb2 a635/DENb2 aDenisen Ervin L. aPrinciples of Horticulture  aNew York bMacmillan Publisher c1958